|
|
|
|
| LEADER |
00000nab a2200000uu 4500 |
| 001 |
vtls011482136 |
| 003 |
SK-MaSNL |
| 005 |
20260303190417.0 |
| 008 |
230218|1971 xo |||||||||||||||||slo| |
| 015 |
|
|
|a SNBRB
|
| 035 |
|
|
|a (urnnbn)urn:nbn:sk:snk:ar-006tgh
|
| 035 |
|
|
|a (uuid)ac420b02-acd8-414f-999e-76b7ad2fde63
|
| 035 |
|
|
|a urn:nbn:sk:snk-abd9ac
|
| 040 |
|
|
|a SNKBUCL
|b slo
|c SNKBUCL
|e AACR2
|
| 041 |
0 |
|
|a slo
|
| 044 |
|
|
|a xo
|c SK
|
| 100 |
1 |
|
|a Beňačka, Štefan,
|d 1933-2021
|4 aut
|9 232163
|
| 245 |
1 |
0 |
|a SUPRAVODIVÉ DUTINOVÉ REZONÁTORY V PÁSME 10 GHz
|c Š. Beňačka
|
| 773 |
0 |
|
|t Elektrotechnický časopis : časopis Elektrotechnického ústavu CEFV SAV Bratislava
|g Roč. 22, č. 2 (1971), s. [81]-92
|
| 954 |
|
|
|a odborná, vedecká literatúra pôvodná (slovenská)
|2 lita
|
| 958 |
|
|
|a OND
|
| 958 |
|
|
|a EUIPO
|
| 958 |
|
|
|a article18
|
| 999 |
|
|
|c 2136128
|d 2138058
|